000 00783nam a2200205 a 4500
003 0
005 20250306151117.0
008 090706s19uu xx 00 eng d
050 _aPGS LB 1027.8
_b.D332 2009
100 _aDela Cruz, Carl Ezekiel Niño U.
245 _aDifference between tutor-assisted students and parent-assisted students in terms of academic performance /
_cCarl Ezekiel Niño U. Dela Cruz.
260 _aLas Piñas City, Philippines :
_bSouthville International School and Colleges,
_c2009.
300 _a19 pages :
_billustrations ;
_c28 cm.
504 _aIncludes bibliographical references.
650 _aTutoring.
650 _aEducation
_vParent participation.
650 _aAcademic achievement.
650 _a Study skills.
942 _2lcc
_cPASS
999 _c98165
_d98165